Brainrot - Statystyki

Ogólne statystyki
  • Ten quiz został rozwiązany 824 razy
  • Średni wynik to 3 z 9
Statystyki odpowiedzi
Hint Odpowiedź % Poprawnych
Skibidi dop dop Yes yes
62%
Hawk Tuah
55%
Siurek Ogórek
53%
Freaky Grinch
31%
2 największy gyacior Alan
29%
Największy gyat w szkole Bogdan patocki
24%
Skibidi sigma Skibidi ohio
24%
Kto jest największym rizzlerem Sigma
20%
Ohio Gyat
14%
Nie znaleziono quizów pasujących do podanych kryteriów
Rozkład punktacji
Procent ludzi z każdym wynikiem
Percentyl według liczby udzielonych odpowiedzi
Twoja historia wyników
Nie rozwiązałeś tego quizu